000 00417nam a2200181Ia 4500
005 20240624101936.0
008 131103s9999 xx 000 0 und d
040 _aLoreto College
041 _aEnglish
082 _a745
_bFUK
100 _aFukuda, Keinichi
245 _aSunny origami
_cKeinichi Fukuda
260 _a[s.l]
_b[s.n]
_c[19?]
300 _a18p
650 _aCraft
850 _aLCBED
942 _cBK
999 _c30274
_d80753